000 00431nam a2200169Ia 4500
008 230524s9999 xx 000 0 und d
020 _a8131703835
082 _a5.133
_bKAN
100 _aAshok N.Kamthane
245 0 _aObject-Oriented Programming with ANCI and Turbo C++
250 _a1ST
260 _aNEW DELHI
_bPearson
_c2003
300 _aXVIII;712
500 _aQuantity Number: 142
650 _aComp-Sc
942 _cBK
999 _c18262
_d18262